000 01106nam a2200253Ia 4500
999 _c4638
_d4638
003 OSt
005 20200413112923.0
008 191128s2008 ck ad gr 000 0 spa d
020 _a9789586441223
040 _aCO-JMCR
_cCO-JMCR
041 0 _aspa
082 0 4 _a323.09861 /
_bG215d
_221
100 1 _aGarcía Velandia, Martha Cecilia,
_eautora
_92913
245 1 0 _aDefender y proteger la vida :
_bla acción de los defensores de derechos humanos en Colombia /
250 _aPrimera edición
260 _aBogotá :
_bPrograma Somos Defensores,
_c2008
300 _a174 páginas :
_bgráficos a blanco y negro ;
_c28 cm.
500 _aInlcuye notas a pie de página.
505 0 _aLa lucha cotidiana por los derechos: Por la memoria, la justicia y la dignidad -- La interlocución Gobierno - ONG de los derechos humanos durante la administración de Álvaro Uribe Vélez -- Derechos humanos y movilización por la paz en Colombia
650 1 4 _aDefensores de derechos humanos
_zColombia
_92914
650 1 4 _aDerechos humanos
_zColombia
_92915
650 1 4 _aDerecho a la vida
_92916
942 _2ddc
_cBK